[Event "61st ch-RUS HL"]
[Site "Novokuznetsk RUS"]
[Date "2008.09.06"]
[Round "4"]
[White "Smirnov,P"]
[Black "Motylev,A"]
[Result "1/2-1/2"]
[WhiteElo "2592"]
[BlackElo "2674"]

1.e4 c6 2.d4 d5 3.Nc3 dxe4 4.Nxe4 Bf5 5.Ng3 Bg6 6.h4 h6 7.Nf3 Nd7 8.h5 Bh7
9.Bd3 Bxd3 10.Qxd3 e6 11.Bd2 Ngf6 12.O-O-O Be7 13.Qe2 c5 14.Rhe1 O-O 15.Nf5 cxd4
16.Nxe7+ Qxe7 17.Nxd4 Rac8 18.Kb1 Nb6 19.Qf3 Rfd8 20.c3 Nfd5 21.Bc1 Qf6 22.g4 Qxf3
23.Nxf3 Na4 24.Rd4 b5 25.Bf4 Nxf4 26.Rxf4 Nc5 27.Rd4 Rxd4 28.Nxd4 Nd3 29.Re2 a6
30.Kc2 Nf4 31.Re4 Nd5 32.f3 Kf8 33.Ne2 Ke7 34.a4 Kd6 35.axb5 axb5 36.Nf4 Rc4
37.Nxd5 Rxe4 38.fxe4 exd5 39.Kd3 Ke5 40.exd5 Kxd5 41.b3 g5 42.hxg6 fxg6 43.Ke3 Ke5
44.c4 bxc4 45.bxc4 h5 46.gxh5  1/2-1/2

[Event "61st ch-RUS HL"]
[Site "Novokuznetsk RUS"]
[Date "2008.09.07"]
[Round "5"]
[White "Motylev,A"]
[Black "Lastin,A"]
[Result "1/2-1/2"]
[WhiteElo "2674"]
[BlackElo "2639"]

1.e4 c6 2.d4 d5 3.Nc3 dxe4 4.Nxe4 Bf5 5.Ng3 Bg6 6.h4 h6 7.Nf3 e6 8.Ne5 Bh7
9.Bd3 Bxd3 10.Qxd3 Nd7 11.f4 Ngf6 12.Bd2 Be7 13.O-O-O c5 14.Qf3 cxd4 15.Qxb7 Rb8
16.Qa6 Nxe5 17.fxe5 Nd7 18.Ba5 Qc8 19.Qxc8+ Rxc8 20.Rxd4 Nxe5 21.Bc3 O-O
22.Ra4 Nc6 23.Re1 Rfd8 24.Nh5 g6 25.Nf6+ Kf8 26.Nh7+ Kg8 27.Nf6+ Kf8 28.Nh7+ Kg8  1/2-1/2

[Event "61st ch-RUS HL"]
[Site "Novokuznetsk RUS"]
[Date "2008.09.08"]
[Round "6"]
[White "Volkov,Sergey1"]
[Black "Motylev,A"]
[Result "1/2-1/2"]
[WhiteElo "2636"]
[BlackElo "2674"]

1.d4 d5 2.c4 c6 3.Nc3 Nf6 4.e3 e6 5.Nf3 a6 6.Qc2 c5 7.cxd5 exd5 8.Be2 Be6
9.O-O Nc6 10.Rd1 cxd4 11.Nxd4 Nxd4 12.exd4 Be7 13.Bg5 O-O 14.Qb3 b5 15.Bf3 Rb8
16.Rac1 Kh8 17.h3 h6 18.Bf4 Rc8 19.Be5 Rc4 20.Be2 Rc6 21.a4 b4 22.Na2 Rxc1
23.Rxc1 a5 24.Qe3 Bd6 25.Rd1 Re8 26.Bb5 Bd7 27.Qf4 Bxb5 28.axb5 Bxe5 29.dxe5 Qb8
30.Nc1 Rxe5 31.Ne2 d4 32.Rxd4 Qxb5 33.Rd8+ Kh7 34.Nd4 Re1+ 35.Kh2 Qe5 36.Qxe5 Rxe5
37.Ra8 Re4 38.Nc6 Re2 39.Rxa5 Rxb2 40.f3 b3 41.Rb5 Rd2 42.Na5 b2  1/2-1/2

[Event "61st ch-RUS HL"]
[Site "Novokuznetsk RUS"]
[Date "2008.09.10"]
[Round "7"]
[White "Motylev,A"]
[Black "Riazantsev,A"]
[Result "0-1"]
[WhiteElo "2674"]
[BlackElo "2617"]

1.e4 e6 2.d4 d5 3.Nc3 Nf6 4.Bg5 dxe4 5.Nxe4 Be7 6.Bxf6 Bxf6 7.Nf3 O-O 8.Qd2 b6
9.O-O-O Bb7 10.Bd3 Nd7 11.h4 c5 12.Nfg5 Be7 13.dxc5 Qc7 14.Nd6 Nf6 15.Ndxf7 Rxf7
16.Nxe6 Qc8 17.Bc4 Kh8 18.f3 Ba6 19.Qe2 Bxc4 20.Qxc4 Rf8 21.Nxf8 Bxc5 22.Ng6+ hxg6
23.Kb1 Qf5 24.Rhe1 a5 25.Rd3 Bb4 26.Red1 Kh7 27.a3 Bc5 28.Rd8 Rxd8 29.Rxd8 Be7
30.Rd3 Qe5 31.Ka2 b5 32.Qf7 b4 33.a4 Qe2 34.Kb3 Ng8 35.h5 gxh5 36.Qxh5+ Nh6
37.g4 g5 38.Ka2 Qxc2 39.Rb3 Qc6 40.Kb1 Qxa4 41.Re3 Qd1+ 42.Ka2 Qd5+ 43.Kb1 Qd1+
44.Ka2 Qd5+ 45.Kb1 Bf6 46.Qe8 Qd1+ 47.Ka2 Qd5+ 48.Kb1 Kg7 49.Qe4 Qd1+ 50.Ka2 Qa4+
51.Kb1 Qd1+ 52.Ka2 Nf7 53.Re2 a4 54.f4 Nd6 55.Qe6 Nb5  0-1

[Event "61st ch-RUS HL"]
[Site "Novokuznetsk RUS"]
[Date "2008.09.11"]
[Round "8"]
[White "Lysyj,I"]
[Black "Motylev,A"]
[Result "1/2-1/2"]
[WhiteElo "2596"]
[BlackElo "2674"]

1.d4 Nf6 2.c4 e6 3.Nc3 Bb4 4.Qc2 d5 5.a3 Bxc3+ 6.Qxc3 b6 7.cxd5 Ne4 8.Qc2 exd5
9.Nf3 O-O 10.g3 c5 11.dxc5 bxc5 12.Bg2 Re8 13.O-O Qe7 14.Rd1 Bb7 15.b4 Na6
16.bxc5 Naxc5 17.Be3 Rac8 18.Bh3 Ne6 19.Qb2 Ba6 20.Rxd5 Nc3 21.Rd2 Nxe2+
22.Rxe2 Rb8 23.Qa2 Qf6 24.Rae1 Qxf3 25.Bg2 Qf6 26.Bxa7 Bxe2 27.Bxb8 Nd4 28.Ba7 Nf3+
29.Bxf3 Qxf3 30.Qd2 h6 31.Bd4 Re6 32.h4 Bc4 33.Rxe6 Bxe6 34.Qe3 Qd1+ 35.Kg2 Bd5+
36.f3 Bxf3+ 37.Qxf3 Qxd4 38.Qb3 Qe4+ 39.Kf2 Qf5+ 40.Ke2 Qe4+ 41.Kf2 Qf5+
42.Ke3 Qc5+ 43.Kf3 Qf5+ 44.Ke3 Qc5+ 45.Ke4  1/2-1/2

[Event "61st ch-RUS HL"]
[Site "Novokuznetsk RUS"]
[Date "2008.09.12"]
[Round "9"]
[White "Motylev,A"]
[Black "Maletin,P"]
[Result "1-0"]
[WhiteElo "2674"]
[BlackElo "2545"]

1.e4 c5 2.Nf3 Nc6 3.d4 cxd4 4.Nxd4 e6 5.Nc3 Qc7 6.Be3 a6 7.Qd2 b5 8.O-O-O b4
9.Na4 Nf6 10.f3 Ne5 11.Bf4 Bb7 12.Nb3 Rb8 13.Kb1 d6 14.Qxb4 Nfd7 15.Qc3 Qxc3
16.Nxc3 Be7 17.Na5 Bc8 18.h4 h5 19.Be2 O-O 20.Bg5 f6 21.Bc1 Bd8 22.Nc4 Nxc4
23.Bxc4 Ne5 24.Bb3 Nf7 25.Ne2  1-0

[Event "61st ch-RUS HL"]
[Site "Novokuznetsk RUS"]
[Date "2008.09.14"]
[Round "11"]
[White "Motylev,A"]
[Black "Chadaev,N"]
[Result "1-0"]
[WhiteElo "2674"]
[BlackElo "2535"]

1.e4 e5 2.Nf3 Nc6 3.Bb5 a6 4.Ba4 Nf6 5.O-O Be7 6.Re1 b5 7.Bb3 O-O 8.c3 d6
9.h3 a5 10.d4 a4 11.Bc2 exd4 12.cxd4 Nb4 13.d5 Bd7 14.Nd4 Qb8 15.Bd2 c5 16.dxc6 Nxc6
17.Nxc6 Bxc6 18.Bb4 Re8 19.Nc3 Qb6 20.Qd3 Bf8 21.a3 g6 22.Rad1 Re6 23.Qd4 Qb7
24.Bb1 Bg7 25.Qd3 Rae8 26.Ba2 d5 27.Nxd5 Nxe4 28.Ne3 Re5 29.f4 Nc5 30.Qd2 Ne4
31.Qd3 Nc5 32.Qd2 Ne4 33.Qc2 Rh5 34.Rc1 Bd7 35.Qc7 Qxc7 36.Rxc7 Be6 37.Bxe6 fxe6
38.Ng4 Nf6 39.Bc3 e5 40.Rxe5 Rexe5 41.Bxe5 Ne8 42.Rxg7+  1-0

[Event "Bundesliga 2008-9"]
[Site "Solingen GER"]
[Date "2008.10.05"]
[Round "2"]
[White "Stellwagen,D"]
[Black "Motylev,A"]
[Result "1/2-1/2"]
[WhiteElo "2605"]
[BlackElo "2672"]

1.e4 c6 2.d4 d5 3.Nc3 dxe4 4.Nxe4 Bf5 5.Ng3 Bg6 6.h4 h6 7.Nf3 Nd7 8.h5 Bh7
9.Bd3 Bxd3 10.Qxd3 e6 11.Bd2 Ngf6 12.O-O-O Be7 13.Qe2 c5 14.Rhe1 O-O 15.Nf5 cxd4
16.Nxe7+ Qxe7 17.Nxd4 Rfd8 18.g4 Nc5 19.Nb3 Nxb3+ 20.axb3 a5 21.g5 hxg5 22.Bxg5 a4
23.Rxd8+ Qxd8 24.Rd1 Qc7 25.Bxf6 Qf4+ 26.Qd2 Qxf6 27.bxa4 Qh4 28.b3 Qxh5
29.Qc3 Qf5 30.Rd2 e5 31.Qc7 Qf4 32.Kd1 Qf3+ 33.Kc1 Qf4 34.Kd1  1/2-1/2

[Event "24th ECC"]
[Site "Kallithea GRE"]
[Date "2008.10.18"]
[Round "2"]
[White "Cox,JohnJ"]
[Black "Motylev,A"]
[Result "0-1"]
[WhiteElo "2381"]
[BlackElo "2672"]

1.Nf3 c5 2.c4 Nc6 3.g3 e5 4.Nc3 g6 5.Bg2 Bg7 6.O-O Nge7 7.Ne1 a6 8.Nc2 Rb8
9.a4 d6 10.Ne3 Nb4 11.b3 O-O 12.Ba3 f5 13.Bxb4 cxb4 14.Ncd5 Nc6 15.a5 f4
16.Nc2 Bg4 17.Ndxb4 Nxa5 18.Ra3 h5 19.d4 Kh7 20.dxe5 Bxe5 21.Nd3 Nc6 22.gxf4 Bxf4
23.Nxf4 Rxf4 24.Ne3 Rd4 25.Qa1 Qg5 26.Rd1 Rf4 27.Rd5 Ne5 28.Nxg4 Rxg4 29.Qf1 Rxg2+  0-1

[Event "24th ECC"]
[Site "Kallithea GRE"]
[Date "2008.10.19"]
[Round "3"]
[White "Rade,M"]
[Black "Motylev,A"]
[Result "0-1"]
[WhiteElo "2436"]
[BlackElo "2672"]

1.e4 c5 2.Nf3 d6 3.d4 cxd4 4.Nxd4 Nf6 5.Nc3 g6 6.h3 Bg7 7.g3 Nc6 8.Be3 Bd7
9.Bg2 O-O 10.Qd2 Qa5 11.O-O Ne5 12.b3 Rfc8 13.Nce2 Qxd2 14.Bxd2 Nc6 15.c3 a6
16.Rfe1 b5 17.Nxc6 Bxc6 18.Nd4 Be8 19.f4 e5 20.fxe5 dxe5 21.Nc2 a5 22.g4 Bc6
23.Re2 Rd8 24.Bg5 h6 25.Bh4 Rd3 26.Rf1 Nh7 27.Rc1 Bf6 28.Ne1 Rd7 29.Bxf6 Nxf6
30.Kf2 Rad8 31.Ke3 Kg7 32.Bf3 Nh7 33.h4 Nf8 34.Rh2 Ne6 35.Rcc2 Nc5 36.b4 Nd3
37.Nxd3 Rxd3+ 38.Ke2 axb4 39.cxb4 R8d4 40.Bh1 Ra3  0-1

[Event "24th ECC"]
[Site "Kallithea GRE"]
[Date "2008.10.20"]
[Round "4"]
[White "Pashikian,A"]
[Black "Motylev,A"]
[Result "1-0"]
[WhiteElo "2611"]
[BlackElo "2672"]

1.d4 d5 2.c4 c6 3.Nf3 Nf6 4.Nc3 e6 5.Bg5 h6 6.Bh4 g5 7.Bg3 dxc4 8.e4 b5 9.Ne5 Bb7
10.h4 g4 11.Nxg4 Nxg4 12.Qxg4 Qxd4 13.Rd1 Qg7 14.Qf4 Na6 15.Be2 e5 16.Qxe5+ Qxe5
17.Bxe5 Rg8 18.a4 Bb4 19.O-O Nc5 20.axb5 Bxc3 21.Bxc3 cxb5 22.f3 Rg6 23.h5 Re6
24.g4 a5 25.Bd4 Nb3 26.Bg7 Ke7 27.e5 Rg8 28.Bf6+ Rxf6 29.exf6+ Kxf6 30.Rd6+ Kg7
31.Rb6 Bc8 32.Rd1 Re8 33.Kf2 Re5 34.Rd8 Be6 35.f4 Rxe2+ 36.Kxe2 Bxg4+ 37.Ke3 b4
38.Rb5 Kf6 39.Rd6+ Kg7 40.Kf2 Nc1 41.Rxa5 Nd3+ 42.Rxd3 cxd3 43.Ke3 Be2 44.Rb5 Kf6
45.Rb6+  1-0

[Event "TCh-CHN Torch Real Estate Cup"]
[Site "Jiangsu Wuxi CHN"]
[Date "2008.10.21"]
[Round "9"]
[White "Motylev,A"]
[Black "Sun Hui"]
[Result "1-0"]
[WhiteElo "2666"]
[BlackElo "2263"]

1.e4 c5 2.Nf3 Nc6 3.Bb5 g6 4.Bxc6 bxc6 5.O-O Bg7 6.Re1 d6 7.c3 Nh6 8.d4 cxd4
9.cxd4 f6 10.b3 Nf7 11.Bb2 O-O 12.Nbd2 Qa5 13.Qc2 Bd7 14.Nc4 Qh5 15.b4 g5
16.Nfd2 g4 17.Ne3 e6 18.f4 gxf3 19.Nxf3 Kh8 20.Nc4 Rg8 21.Kh1 Rac8 22.e5 fxe5
23.dxe5 d5 24.Nd6 Rcf8 25.Qe2 Nh6 26.h3 Nf5 27.Nxf5 Rxf5 28.Rad1 Bf8 29.Nd4 Qxe2
30.Rxe2 Rf7 31.Nc2 c5 32.bxc5 Bb5 33.Red2 Bxc5 34.Bd4 Bf8 35.Rf2 Rxf2 36.Bxf2 Ba4
37.Rd2 Bh6 38.Be3 Bxc2 39.Bxh6 Be4 40.Kh2 Rg6 41.Be3 Rg7 42.g4 Rc7 43.Kg3 Rg7
44.Kh4 a6 45.Rg2  1-0

[Event "TCh-ESP CECLUB Final"]
[Site "Motril ESP"]
[Date "2008.11.01"]
[Round "1"]
[White "Ganguly,S"]
[Black "Motylev,A"]
[Result "0-1"]
[WhiteElo "2603"]
[BlackElo "2672"]

1.e4 c6 2.d4 d5 3.Nc3 dxe4 4.Nxe4 Bf5 5.Ng3 Bg6 6.h4 h6 7.Nf3 Nd7 8.h5 Bh7
9.Bd3 Bxd3 10.Qxd3 e6 11.Bd2 Ngf6 12.O-O-O Be7 13.Qe2 c5 14.Rhe1 O-O 15.Nf5 cxd4
16.Nxe7+ Qxe7 17.Nxd4 Rfd8 18.g4 Nc5 19.Bf4 Nd5 20.Be5 Rac8 21.Kb1 Na4 22.Nb3 f6
23.Qe4 b5 24.Bd4 e5 25.Qf5 Qd6  0-1

[Event "TCh-ESP CECLUB Final"]
[Site "Motril ESP"]
[Date "2008.11.02"]
[Round "2"]
[White "Ponomariov,R"]
[Black "Motylev,A"]
[Result "1/2-1/2"]
[WhiteElo "2719"]
[BlackElo "2672"]

1.e4 c6 2.d4 d5 3.Nc3 dxe4 4.Nxe4 Bf5 5.Ng3 Bg6 6.h4 h6 7.Nf3 Nd7 8.h5 Bh7
9.Bd3 Bxd3 10.Qxd3 e6 11.Bf4 Qa5+ 12.Bd2 Bb4 13.c3 Be7 14.c4 Qc7 15.O-O-O Ngf6
16.Kb1 O-O 17.Ne4 Rad8 18.Nxf6+ Nxf6 19.Qe2 c5 20.g4 cxd4 21.g5 hxg5 22.Bxg5 d3
23.Qe1 Ng4 24.h6  1/2-1/2

[Event "TCh-ESP CECLUB Final"]
[Site "Motril ESP"]
[Date "2008.11.02"]
[Round "3"]
[White "Motylev,A"]
[Black "Ponomariov,R"]
[Result "1/2-1/2"]
[WhiteElo "2672"]
[BlackElo "2719"]

1.e4 e5 2.Nf3 Nc6 3.Bb5 Nf6 4.O-O Nxe4 5.d4 Nd6 6.Bxc6 dxc6 7.dxe5 Nf5 8.Qxd8+ Kxd8
9.Nc3 h6 10.h3 Bd7 11.Bf4 Kc8 12.a3 b6 13.Rad1 Ne7 14.Rfe1 c5 15.e6 fxe6
16.Ne5 Be8 17.Nd7 Bxd7  1/2-1/2

[Event "Bundesliga 2008-9"]
[Site "Katernberg GER"]
[Date "2008.12.12"]
[Round "7"]
[White "Vachier Lagrave,M"]
[Black "Motylev,A"]
[Result "1/2-1/2"]
[WhiteElo "2716"]
[BlackElo "2672"]

1.e4 e5 2.Nf3 Nf6 3.Nxe5 d6 4.Nf3 Nxe4 5.d4 d5 6.Bd3 Nc6 7.O-O Be7 8.Nc3 Nxc3
9.bxc3 Bg4 10.Re1 O-O 11.Bf4 Bd6 12.Bxd6 Bxf3 13.Qxf3 Qxd6 14.Rab1 b6 15.Re3 Rae8
16.Rbe1 Rxe3 17.Rxe3 g6 18.h4 Kg7 19.h5 Rd8 20.Qg4 Ne7 21.Qh4 Ng8 22.g4 Kf8
23.hxg6 hxg6 24.Rf3 Kg7 25.Rh3 Kf8 26.Rf3 Kg7 27.Rh3 Kf8  1/2-1/2

[Event "Bundesliga 2008-9"]
[Site "Katernberg GER"]
[Date "2008.12.13"]
[Round "8"]
[White "Polzin,R"]
[Black "Motylev,A"]
[Result "0-1"]
[WhiteElo "2500"]
[BlackElo "2672"]

1.e4 c6 2.d4 d5 3.e5 Bf5 4.Nd2 e6 5.Nb3 a5 6.a4 Ne7 7.Nf3 Nc8 8.Be2 Bb4+
9.c3 Be7 10.O-O Nb6 11.Ne1 N8d7 12.Bd3 Bg6 13.Bxg6 hxg6 14.Nd3 Nc4 15.Qe2 b5
16.axb5 cxb5 17.f4 Qb6 18.Nd2 Qc6 19.Nf3 a4 20.g4 Na5 21.Be3 Nb3 22.Rad1 Nb6
23.Bf2 a3 24.Qc2 Qc4 25.bxa3 Rxa3 26.f5 gxf5 27.gxf5 exf5 28.Nf4 g5 29.e6 gxf4
30.exf7+ Kd8 31.Ne5 Qc8 32.Qe2 Qe6 33.Qxb5 Kc7 34.Rfe1 Qh6 35.h4 Ra2 36.Ng4 Qd6
37.Qxb3 Rxf2 38.Nxf2 Bxh4 39.Re8 f3 40.Kf1 Qg6 41.Ng4 Qxg4 42.Rd2 Qh3+ 43.Kg1 Rh6
44.Rg8 Qh1+ 45.Kxh1 Bf2+  0-1

[Event "Bundesliga 2008-9"]
[Site "Katernberg GER"]
[Date "2008.12.14"]
[Round "9"]
[White "Motylev,A"]
[Black "Gustafsson,J"]
[Result "1/2-1/2"]
[WhiteElo "2672"]
[BlackElo "2634"]

1.e4 e5 2.Nf3 Nc6 3.Bb5 a6 4.Bxc6 dxc6 5.O-O f6 6.d4 exd4 7.Nxd4 c5 8.Ne2 Qxd1
9.Rxd1 Bd7 10.Nbc3 O-O-O 11.Be3 Re8 12.Rd2 Bc6 13.Rad1 b6 14.f3 Ne7 15.Kf2 Ng6
16.Nd5 Kb7 17.Ng3 h5 18.b3 h4 19.Nf5 Ne5 20.Bf4 Re6 21.Nfe3 Bd6 22.Nf5 Bf8
23.Nfe3 Bd6 24.Nf5  1/2-1/2

[Event "10th EICC"]
[Site "Budva MNE"]
[Date "2009.03.06"]
[Round "1"]
[White "Kalezic,B"]
[Black "Motylev,A"]
[Result "0-1"]
[WhiteElo "2460"]
[BlackElo "2676"]

1.e4 c6 2.d4 d5 3.f3 e6 4.Nc3 Bb4 5.Ne2 dxe4 6.fxe4 e5 7.a3 Ba5 8.Be3 Nf6
9.Qd3 O-O 10.O-O-O Ng4 11.Bg1 exd4 12.Nxd4 Qg5+ 13.Kb1 Ne5 14.Nf3 Nxd3 15.Nxg5 Ne5
16.Bd4 Nbd7 17.Be2 Bc7 18.Nf3 b5 19.Rd2 Re8 20.Nd1 Ng4 21.c4 c5 22.Bc3 Ndf6
23.Bxf6 Nxf6 24.Nf2 b4 25.axb4 cxb4 26.Nd4 Bb7 27.Bf3 Nxe4 28.Nxe4 Bxe4+
29.Bxe4 Rxe4 30.c5 g6 31.g3 Rd8 32.Rhd1 Re5 33.Nb3 Rxd2 34.Rxd2 a5 35.Rc2 a4
36.Nd4 b3 37.Rc1 Rd5 38.Nb5 Be5 39.Rc4 Rd1+ 40.Rc1 Rd2 41.Nc3 Bxc3 42.Rxc3 Rd1+
43.Rc1 Rxc1+ 44.Kxc1 Kf8 45.Kd2 f5 46.h4 h6 47.Kc3 g5 48.hxg5 hxg5 49.Kb4 f4
50.gxf4 gxf4 51.Ka5 a3  0-1

[Event "10th EICC"]
[Site "Budva MNE"]
[Date "2009.03.10"]
[Round "5"]
[White "Vedmediuc,S"]
[Black "Motylev,A"]
[Result "1/2-1/2"]
[WhiteElo "2414"]
[BlackElo "2676"]

1.e4 c5 2.Nf3 d6 3.d4 cxd4 4.Nxd4 Nf6 5.Nc3 g6 6.Bc4 Bg7 7.h3 O-O 8.Bb3 a5
9.O-O a4 10.Nxa4 Nxe4 11.Re1 d5 12.Nb5 Ra5 13.Nac3 Nxc3 14.Nxc3 e6 15.Bf4 Nc6
16.Qd2 f5 17.a4 Nd4 18.Rad1 b6 19.Be5  1/2-1/2

[Event "10th EICC"]
[Site "Budva MNE"]
[Date "2009.03.11"]
[Round "6"]
[White "Motylev,A"]
[Black "Arsovic,Z"]
[Result "1-0"]
[WhiteElo "2676"]
[BlackElo "2475"]

1.e4 c5 2.Nf3 e6 3.d4 cxd4 4.Nxd4 Nc6 5.Nc3 Qc7 6.Be3 a6 7.Qd2 Nf6 8.O-O-O Bb4
9.f3 O-O 10.g4 b5 11.g5 Ne8 12.Nxc6 dxc6 13.h4 e5 14.h5 Be6 15.g6 Qa5 16.h6 fxg6
17.hxg7 Nxg7 18.Qh2 h5 19.Qxe5 Bxc3 20.bxc3 Rxf3 21.Bh6 Qxc3 22.Bxg7 Qa3+
23.Qb2 Qe7 24.Bc3 a5 25.Be2 Rg3 26.Bf6 Qa3 27.Qxa3 Rxa3 28.Rhg1 Kh7 29.Rd6  1-0

[Event "10th EICC"]
[Site "Budva MNE"]
[Date "2009.03.12"]
[Round "7"]
[White "Godena,M"]
[Black "Motylev,A"]
[Result "0-1"]
[WhiteElo "2537"]
[BlackElo "2676"]

1.e4 Nf6 2.e5 Nd5 3.d4 d6 4.Nf3 dxe5 5.Nxe5 g6 6.Bc4 Be6 7.Nc3 Bg7 8.Ne4 f6
9.Nc5 Bg8 10.Ned3 b6 11.Nb3 Nc3 12.Qf3 Bxc4 13.Qxa8 Nd5 14.Nd2 Bxd3 15.cxd3 a5
16.Nc4 c6 17.Qb7 b5 18.Ne3 Nf4 19.g3 Ne6 20.d5 Nd4 21.Bd2 O-O 22.Rc1 cxd5
23.Qxd5+ Qxd5 24.Nxd5 Nbc6 25.Be3 Kf7 26.Bxd4 Nxd4 27.Rc7 Rd8 28.Ne3 f5 29.Rb7 g5
30.O-O f4 31.gxf4 gxf4 32.Ng2 Be5 33.Kh1 Rd5 34.Rd1 Bd6 35.Rb6 Rh5 36.Kg1 f3
37.Rxd6 Ne2+ 38.Kf1 Rxh2  0-1

[Event "10th EICC"]
[Site "Budva MNE"]
[Date "2009.03.15"]
[Round "9"]
[White "Wojtaszek,R"]
[Black "Motylev,A"]
[Result "1/2-1/2"]
[WhiteElo "2608"]
[BlackElo "2676"]

1.d4 d5 2.c4 c6 3.Nf3 Nf6 4.Nc3 e6 5.e3 Nbd7 6.Qc2 Bd6 7.b3 O-O 8.Bb2 Qe7
9.Be2 b6 10.O-O Bb7 11.Rfe1 Rfe8 12.Rad1 Rad8 13.g3 a6 14.Bf1 Bb4 15.Bg2 Ne4
16.Rc1 f5 17.Nd2 Nxd2 18.Qxd2 Nf6 19.cxd5 cxd5 20.Qd3 Rc8 21.Re2 Ne4 22.Nxe4 Rxc1+
23.Bxc1 dxe4 24.Qd1 Rc8  1/2-1/2

[Event "10th EICC Qualification Playoff"]
[Site "Budva MNE"]
[Date "2009.03.18"]
[Round "1.1"]
[White "Mikhalevski,V"]
[Black "Motylev,A"]
[Result "0-1"]
[WhiteElo "2608"]
[BlackElo "2676"]

1.d4 d5 2.c4 c6 3.Nf3 Nf6 4.e3 Bf5 5.Nc3 e6 6.Nh4 Bg6 7.Be2 dxc4 8.Nxg6 hxg6
9.Bxc4 Nbd7 10.O-O Bd6 11.h3 Nb6 12.Be2 e5 13.Qb3 exd4 14.exd4 Bc7 15.Re1 O-O
16.Rd1 Re8 17.Bf3 Qxd4 18.g3 Qc5 19.Kg2 a5 20.a4 Nc4 21.Rf1 Bb6 22.Be2 Nd6
23.Qa3 Qb4 24.Bf4 Nf5 25.Bd3 Nd4 26.Bd6 Qxa3 27.Bxa3 Rad8 28.Rad1 Rd7 29.Bc4 Nc2
30.Rxd7 Nxd7 31.Bd6 Ne1+ 32.Kh1 Nf3 33.Rd1 Nfe5 34.Bb3 Bxf2 35.Ne4 Bb6 36.Rf1 Bd8
37.Ba3 Be7 38.Nd6 Nf6  0-1

[Event "10th EICC Qualification Playoff"]
[Site "Budva MNE"]
[Date "2009.03.18"]
[Round "1.2"]
[White "Motylev,A"]
[Black "Mikhalevski,V"]
[Result "1-0"]
[WhiteElo "2676"]
[BlackElo "2608"]

1.e4 c5 2.Nf3 d6 3.d4 cxd4 4.Nxd4 Nf6 5.Nc3 g6 6.Be3 Bg7 7.f3 Nc6 8.Qd2 O-O
9.Bc4 Bd7 10.h4 Ne5 11.Bb3 h5 12.O-O-O Rc8 13.Bg5 Rc5 14.Kb1 b5 15.g4 hxg4
16.h5 Nxh5 17.Nd5 Re8 18.Rxh5 gxh5 19.Qh2 Rxd5 20.Bxd5 Qb6 21.Nf5 Bxf5 22.exf5 Rc8
23.fxg4 Kf8 24.gxh5 Qc5 25.h6 Bh8 26.h7 Ke8 27.Qe2 Kd7 28.Be3 Qb4 29.a3 Qa5
30.Bd4 b4 31.Bxe5 Bxe5 32.Qxe5 dxe5 33.Be6+ Kc6 34.Bxc8 bxa3 35.h8=Q axb2
36.Qe8+ Kc5 37.Qxe7+ Kc4 38.Qxf7+ Kc5  1-0

[Event "10th Karpov"]
[Site "Poikovsky RUS"]
[Date "2009.06.04"]
[Round "2"]
[White "Onischuk,Al"]
[Black "Motylev,A"]
[Result "1/2-1/2"]
[WhiteElo "2684"]
[BlackElo "2677"]

1.d4 d5 2.c4 c6 3.Nc3 Nf6 4.Nf3 e6 5.e3 a6 6.c5 b6 7.cxb6 Nbd7 8.Bd3 c5 9.b3 cxd4
10.exd4 Qxb6 11.O-O Be7 12.Bb2 O-O 13.Rc1 Bb7 14.Qe2 Rfc8 15.Rc2 Qd8 16.Rfc1 h6
17.Na4 Rxc2 18.Rxc2 Rc8 19.Ne1 Rxc2 20.Nxc2 a5 21.Na3 Qb8 22.Nb5 Bc6 23.Nac3 Qb6
24.a4 Bxb5 25.Nxb5 Nb8 26.Qc2 Nc6 27.Bc1 Ne8 28.Be3 Nd6 29.Nxd6 Bxd6 30.Qc3 Bb4
31.Qb2 Be7 32.Bb5 Na7 33.Qe2 Bf6 34.Qd3 h5 35.g3 g6 36.Kg2 Kf8 37.h3 Nxb5
38.axb5 Ke8 39.f3 Bg7 40.g4 f5 41.Bf2 Kf7 42.Bg1  1/2-1/2

[Event "10th Karpov"]
[Site "Poikovsky RUS"]
[Date "2009.06.05"]
[Round "3"]
[White "Motylev,A"]
[Black "Shirov,A"]
[Result "1-0"]
[WhiteElo "2677"]
[BlackElo "2745"]

1.e4 e5 2.Nf3 Nc6 3.Nc3 Nf6 4.Bb5 Nd4 5.Bc4 d6 6.Nxd4 exd4 7.Nd5 Nd7 8.O-O g6
9.c3 Bg7 10.cxd4 Bxd4 11.d3 c6 12.Ne3 O-O 13.Kh1 Nc5 14.f4 d5 15.exd5 cxd5
16.Bb3 Re8 17.Qf3 Nxd3 18.f5 Kh8 19.fxg6 fxg6 20.Qd1 Bxe3 21.Qxd3 d4 22.Bxe3 Rxe3
23.Rf8+ Kg7 24.Rg8+  1-0

[Event "10th Karpov"]
[Site "Poikovsky RUS"]
[Date "2009.06.06"]
[Round "4"]
[White "Sutovsky,E"]
[Black "Motylev,A"]
[Result "0-1"]
[WhiteElo "2660"]
[BlackElo "2677"]

1.e4 e5 2.Nf3 Nf6 3.d4 Nxe4 4.Bd3 d5 5.dxe5 Nc6 6.O-O Bg4 7.h3 Bxf3 8.gxf3 Nc5
9.f4 Qh4 10.Nc3 O-O-O 11.Bf5+ Kb8 12.Qg4 Nd4 13.Rd1 h5 14.Qxh4 Nf3+ 15.Kf1 Nxh4
16.Bd3 Be7 17.Ne2 g6 18.Be3 Nxd3 19.Rxd3 c5 20.Rad1 d4 21.Bc1 Nf5 22.Ng3 Kc7
23.Nxf5 gxf5 24.Rg3 Rhg8 25.Rdd3 Kc6 26.c3 Rxg3 27.Rxg3 Bh4 28.Rd3 c4 29.Rxd4 Rxd4
30.cxd4 Kd5 31.Ke2 Bd8 32.Kd1 Bb6 33.Kc2 Kxd4 34.a4 Ke4 35.Kc3 Bxf2 36.Kxc4 Be3  0-1

[Event "ch-RUS HL"]
[Site "Ulan Ude RUS"]
[Date "2009.09.02"]
[Round "1"]
[White "Motylev,A"]
[Black "Burmakin,V"]
[Result "0-1"]
[WhiteElo "2710"]
[BlackElo "2599"]

1.e4 c6 2.d4 d5 3.e5 Bf5 4.Nf3 e6 5.Be2 Ne7 6.O-O Nc8 7.b3 Be7 8.c4 O-O 9.Nc3 Nd7
10.Bd3 Bxd3 11.Qxd3 f5 12.exf6 Bxf6 13.Re1 Re8 14.Bf4 Nf8 15.Re2 Nd6 16.Rae1 Qd7
17.h4 Ng6 18.Bxd6 Qxd6 19.g3 Rad8 20.h5 Nf8 21.cxd5 cxd5 22.Nd1 Qc7 23.Ne3 Qf7
24.h6 gxh6 25.Ng4 Qg7 26.Nxf6+ Qxf6 27.Re3 Re7 28.Qe2 Rg7 29.Ne5 Rc8 30.Rf3 Qg5
31.Nd3 Rc3 32.Qb2 Rgc7 33.Qa3 Qg7 34.Qxa7 Rf7 35.Rxf7 Qxf7 36.Nf4 Rc6 37.Qb8 Qc7
38.Qxf8+ Kxf8 39.Nxe6+ Rxe6  0-1

[Event "ch-RUS HL"]
[Site "Ulan Ude RUS"]
[Date "2009.09.03"]
[Round "2"]
[White "Kornev,Alexei"]
[Black "Motylev,A"]
[Result "0-1"]
[WhiteElo "2527"]
[BlackElo "2710"]

1.d4 Nf6 2.c4 e6 3.Nc3 Bb4 4.Qc2 O-O 5.a3 Bxc3+ 6.Qxc3 d5 7.e3 b6 8.Nf3 Bb7
9.b4 c5 10.dxc5 Ne4 11.Qc2 bxc5 12.cxd5 Qxd5 13.Bc4 Qh5 14.Bd3 Qg4 15.Bb2 Rc8
16.b5 c4 17.Bxe4 Bxe4 18.Qc3 f6 19.O-O-O Qxg2 20.Nd2 Bg6 21.h4 Qd5 22.Rdg1 Nd7
23.f4 Nc5 24.h5 Nb3+ 25.Kd1 Rd8  0-1

[Event "ch-RUS HL"]
[Site "Ulan Ude RUS"]
[Date "2009.09.04"]
[Round "3"]
[White "Motylev,A"]
[Black "Popov,Iv RUS"]
[Result "1/2-1/2"]
[WhiteElo "2710"]
[BlackElo "2582"]

1.e4 e5 2.Nf3 Nc6 3.Bb5 a6 4.Bxc6 dxc6 5.O-O f6 6.d4 exd4 7.Nxd4 c5 8.Ne2 Qxd1
9.Rxd1 Bd7 10.Nbc3 O-O-O 11.Be3 Re8 12.f3 f5 13.Ng3 Bd6 14.Bf2 f4 15.Nge2 Nf6
16.Rxd6 cxd6 17.Rd1 Rd8 18.Nxf4 g5 19.Nfd5 Nxd5 20.Rxd5 h6 21.Rxd6 Ba4 22.Rf6 Bc6
23.Be3 c4 24.Kf2 Rdf8 25.Rg6 Rfg8 26.Rxg8+ Rxg8 27.g4 Rg6 28.Ne2 Bd7 29.c3 Kd8
30.Kg3 Ke7 31.h4 Kf7 32.h5 Rd6 33.Bd4 a5 34.Kf2 b5 35.a3 Be6 36.Ke3 Rd8 37.Ng3 Rb8
38.Bc5 Rd8 39.Bd4 Rb8 40.Nf5 Bxf5 41.gxf5 Rg8 42.Kf2 g4 43.Be3 gxf3 44.Kxf3 Kf6
45.Kf4 Rg2 46.e5+ Ke7 47.Bc5+ Ke8 48.Ke4 Rxb2 49.e6 Re2+ 50.Kd5 Rd2+ 51.Kc6 Re2
52.Kd5 Rd2+ 53.Kc6 Re2 54.Kd6 Rd2+ 55.Kc6  1/2-1/2

[Event "ch-RUS HL"]
[Site "Ulan Ude RUS"]
[Date "2009.09.05"]
[Round "4"]
[White "Matlakov,M"]
[Black "Motylev,A"]
[Result "1/2-1/2"]
[WhiteElo "2574"]
[BlackElo "2710"]

1.d4 Nf6 2.c4 e6 3.Nf3 d5 4.Nc3 c6 5.e3 Nbd7 6.Qc2 Bd6 7.b3 O-O 8.Be2 b6
9.O-O Bb7 10.Bb2 Qe7 11.Rad1 Rfe8 12.Rfe1 Bb4 13.Bf1 h6 14.Rc1 a6 15.Red1 Rac8
16.Qb1 Bd6 17.g3 c5 18.cxd5 exd5 19.dxc5 Bxc5 20.Nd4 Ng4 21.Nf5 Qe6 22.Bg2 Ndf6
23.Rf1 Bf8 24.h3 Ne5 25.Nd4 Qd7 26.Nce2 Ne4 27.Rxc8 Rxc8 28.Rd1 Ng6 29.Rc1 Bc5
30.Nf3 a5 31.Qd3 a4 32.Nc3 a3 33.Ba1 Bb4 34.Ne2 Rxc1+ 35.Nxc1 Qc8 36.Ne2 Be7
37.Qd1 b5 38.Bd4 b4 39.Qc1 Qd8 40.Ne5 Nxe5 41.Bxe5 Ba6 42.Nf4 Bf6 43.Bxe4 dxe4
44.Qa1 Bxe5 45.Qxe5 Qd1+ 46.Kh2 Qf3 47.Kg1 Qd1+ 48.Kh2 Qf3 49.Kg1 Qd1+  1/2-1/2

[Event "ch-RUS HL"]
[Site "Ulan Ude RUS"]
[Date "2009.09.09"]
[Round "7"]
[White "Motylev,A"]
[Black "Badmatsyrenov,O"]
[Result "1-0"]
[WhiteElo "2710"]
[BlackElo "2437"]

1.e4 c5 2.Nf3 e6 3.d4 cxd4 4.Nxd4 a6 5.Bd3 Bc5 6.Nb3 Be7 7.Qg4 g6 8.Qe2 d6
9.a4 Nd7 10.O-O Ne5 11.h3 h5 12.Be3 g5 13.N1d2 Bd7 14.a5 Bf6 15.f4 gxf4 16.Rxf4 Bg5
17.Rf2 Bxe3 18.Qxe3 Ne7 19.Qd4 Bc6 20.Nc4 N7g6 21.Nxd6+ Ke7 22.Raf1 Qxd6
23.Rxf7+ Nxf7 24.Rxf7+ Kxf7 25.Qxd6 Rad8 26.Qg3 Bb5 27.Bxb5 axb5 28.Nd4 Rhe8
29.Nxb5 Rd1+ 30.Kh2 Kg7 31.Qf3 Rc1 32.Nd4 h4 33.e5 Re1 34.Qf6+ Kh6 35.Nxe6 Rxe6
36.Qxe6 Re2 37.Qc8 Nxe5  1-0